山东省地图点选 Shandong Click Map - Statistics

General Stats
  • This quiz has been taken 32 times
    29 since last reset
  • The average score is 15 of 16
Answers on the Map
Answers color-coded by a green-red scale on the quiz's map according to % correct below.
 
Answer Stats
Answer % Correct
枣庄市
100%
济南市
96%
青岛市
96%
日照市
96%
临沂市
96%
淄博市
92%
烟台市
92%
潍坊市
92%
济宁市
92%
泰安市
92%
威海市
92%
聊城市
92%
菏泽市
92%
德州市
88%
滨州市
83%
东营市
79%
No matching quizzes found
Score Distribution
Percent of People with Each Score
Percentile by Number Answered
Your Score History
You have not taken this quiz since the last reset